| 000 | 00705cam a2200241 a 4500 | ||
|---|---|---|---|
| 001 | 000011999 | ||
| 005 | 20250701130238.0 | ||
| 008 | 720523s1959 sp a 000 0 spa | ||
| 040 |
_aDO-SdBNP _bspa _cLC _dBNPHU |
||
| 082 |
_a778.5 _bV732a |
||
| 100 | 1 |
_aVillegas López, Manuel, _d1906- _928399 |
|
| 245 | 1 | 0 |
_aArte, cine y sociedad / _cManuel Villegas López. |
| 260 |
_aMadrid : _bTaurus, _c1959. |
||
| 300 |
_a194 p. : _bil. ; _c18 cm. |
||
| 490 | 1 |
_aSer y Tiempo _v9 |
|
| 650 | 0 |
_aCinematografía _928400 |
|
| 650 | 0 |
_aCine _911363 |
|
| 650 | 4 |
_aCine y literatura _913701 |
|
| 650 | 0 |
_aArte _928401 |
|
| 830 | 0 |
_aSer y Tiempo ; _v9 _928402 |
|
| 910 | _aCatalogación por copia / LC | ||
| 049 | _aBNGR | ||
| 999 |
_c11667 _d11667 |
||